Loading...
| Literature - American Literature | 0 | 7 | 0 | 0 | 70 | 35 | 90.14 | 3 | 3 |
| Fine Arts - Classical Music | 0 | 8 | 2 | 0 | 70 | 32 | 83.00 | 1 | 6 |
| Fine Arts - Painting and Sculpture | 0 | 7 | 0 | 0 | 70 | 60 | 93.00 | 2 | 5 |
| Literature - World Literature | 0 | 5 | 0 | 0 | 50 | 60 | 96.40 | 0 | 4 |
| Philosophy | 0 | 5 | 1 | 1 | 45 | 91 | 108.40 | 0 | 2 |
| Social Science | 0 | 4 | 0 | 0 | 40 | 78 | 102.00 | 1 | 3 |
| History - World History | 0 | 4 | 0 | 1 | 40 | 94 | 108.50 | 0 | 1 |
| Literature - British Literature | 0 | 4 | 0 | 0 | 40 | 86 | 113.75 | 1 | 2 |
| Literature - European Literature | 0 | 5 | 2 | 0 | 40 | 71 | 97.60 | 1 | 4 |
| Religion | 0 | 4 | 0 | 0 | 40 | 85 | 102.75 | 2 | 2 |
| Fine Arts - Other Fine Arts | 0 | 3 | 0 | 0 | 30 | 85 | 92.67 | 0 | 3 |
| Science - Biology | 0 | 4 | 2 | 0 | 30 | 45 | 58.25 | 2 | 4 |
| Geography | 0 | 3 | 0 | 1 | 30 | 88 | 104.67 | 0 | 0 |
| History - Other History | 0 | 3 | 1 | 1 | 25 | 117 | 126.00 | 0 | 1 |
| History - American History | 0 | 2 | 0 | 0 | 20 | 61 | 85.00 | 1 | 1 |
| Pop Culture | 0 | 1 | 0 | 0 | 10 | 28 | 28.00 | 0 | 0 |
| Science - Physics | 0 | 1 | 0 | 0 | 10 | 90 | 90.00 | 0 | 1 |
| History - European History | 0 | 1 | 1 | 0 | 5 | 100 | 100.00 | 0 | 0 |
| Mythology | 0 | 2 | 5 | 0 | -5 | 94 | 103.00 | 0 | 1 |
| Current Events | 0 | 0 | 1 | 0 | -5 | 0.00 | 0 | 0 |